|
|
|
|
| LEADER |
00000nam0a2200000 4500 |
| 001 |
177670 |
| 005 |
20231101223341.0 |
| 010 |
|
|
|a 9785397013239
|
| 035 |
|
|
|a (RuTPU)RU\TPU\book\192638
|
| 090 |
|
|
|a 177670
|
| 100 |
|
|
|a 20100323d2010 m y0rusy50 ca
|
| 101 |
0 |
|
|a rus
|
| 102 |
|
|
|a RU
|
| 105 |
|
|
|a a j 001zy
|
| 200 |
1 |
|
|a Открытые горные работы. Технология и комплексная механизация
|e учебник
|f В. В. Ржевский
|
| 205 |
|
|
|a 5-е изд.
|
| 210 |
|
|
|a Москва
|c Либроком
|d 2010
|
| 215 |
|
|
|a 549 с.
|c ил.
|
| 225 |
1 |
|
|a Классика инженерной мысли: горное дело
|
| 320 |
|
|
|a Библиогр.: с. 540-541.
|
| 320 |
|
|
|a Алфавитно-предметный указатель: с. 542-544.
|
| 330 |
|
|
|a В учебнике рассмотрены теория вскрытия рабочих горизонтов, теория систем разработки месторождений и теория комплексной механизации открытых горных работ; технологические схемы вскрышных, добычных и горноподготовительных работ. Даны основы организации и текущего планирования комплекса горных работ и обеспечения качества полезного ископаемого. Показано методологическое и технологическое единство комплекса собственно горных пород и их механизации для разнообразных природных условий и при использовании различного карьерного оборудования. Предложен и развит метод формирования комплексов горного и транспортного оборудования, обслуживающих грузопотоки карьера на различных этапах ведения горных работ.
|
| 488 |
|
1 |
|0 (RuTPU)RU\TPU\book\212847
|y 978-5-397-01330-7
|t Открытые горные работы. Производственные процессы
|o учебник
|f В. В. Ржевский
|e 5-е изд.
|c М.
|n Либроком
|d 2010
|p 509 с.
|s Классика инженерной мысли: горное дело
|a Ржевский, Владимир Васильевич
|
| 606 |
1 |
|
|a Горные работы открытые
|x Геотехнические методы
|2 stltpush
|3 (RuTPU)RU\TPU\subj\8232
|9 35698
|
| 610 |
1 |
|
|a месторождения полезных ископаемых
|
| 610 |
1 |
|
|a открытая разработка
|
| 610 |
1 |
|
|a рабочие горизонты
|
| 610 |
1 |
|
|a вскрытие
|
| 610 |
1 |
|
|a механизация
|
| 610 |
1 |
|
|a экскаваторно-отвальные комплексы
|
| 610 |
1 |
|
|a транспортно-отвальные мосты
|
| 610 |
1 |
|
|a скреперные комплексы
|
| 610 |
1 |
|
|a бульдозерные комплексы
|
| 610 |
1 |
|
|a гидромеханизированные комплексы
|
| 610 |
1 |
|
|a транспортные комплексы
|
| 610 |
1 |
|
|a строительные горные породы
|
| 610 |
1 |
|
|a добыча
|
| 610 |
1 |
|
|a железнодорожный транспорт
|
| 610 |
1 |
|
|a автомобильный транспорт
|
| 610 |
1 |
|
|a конвейерный транспорт
|
| 610 |
1 |
|
|a технологические комплексы
|
| 610 |
1 |
|
|a горные работы
|
| 610 |
1 |
|
|a экономические основы
|
| 610 |
1 |
|
|a планирование
|
| 610 |
1 |
|
|a горные предприятия
|
| 610 |
1 |
|
|a продукция
|
| 610 |
1 |
|
|a качество
|
| 610 |
1 |
|
|a учебники
|
| 675 |
|
|
|a 622.271(075.8)
|v 3
|
| 700 |
|
1 |
|a Ржевский
|b В. В.
|g Владимир Васильевич
|
| 801 |
|
1 |
|a RU
|b 63413507
|c 20100323
|
| 801 |
|
2 |
|a RU
|b 63413507
|c 20150721
|g RCR
|
| 942 |
|
|
|c BK
|
| 959 |
|
|
|a 21/20100323
|d 2
|e 0
|f АНЛ:1
|f ЧЗТЛ:1
|